La Familia Serdán / (Record no. 80284)
[ view plain ]
| 000 -LEADER | |
|---|---|
| fixed length control field | 01046cam a2200253 a 4500 |
| 005 - DATE AND TIME OF LATEST TRANSACTION | |
| control field | 20241028141248.0 |
| 008 - FIXED-LENGTH DATA ELEMENTS--GENERAL INFORMATION | |
| fixed length control field | 021113s1976 mx a 000 0 spa u |
| 050 04 - LIBRARY OF CONGRESS CALL NUMBER | |
| Classification number | F1234.5.S47 |
| Item number | F56 1976 |
| 100 1# - MAIN ENTRY--PERSONAL NAME | |
| Personal name | Flores Sevilla, Jesús. |
| 245 13 - TITLE STATEMENT | |
| Title | La Familia Serdán / |
| Statement of responsibility, etc | Jesús Flores Sevilla ; edición de Jacobo Chencinsky y Santiago Fernández. |
| 250 ## - EDITION STATEMENT | |
| Edition statement | Primera edición. |
| 260 ## - PUBLICATION, DISTRIBUTION, ETC. (IMPRINT) | |
| Place of publication, distribution, etc | México : |
| Name of publisher, distributor, etc | Secretaria de Educación Pública, |
| Date of publication, distribution, etc | 1976. |
| 300 ## - PHYSICAL DESCRIPTION | |
| Extent | 199 paginas. : |
| Other physical details | ilustraciones. ; |
| Dimensions | 17 cm. |
| 490 ## - SERIES STATEMENT | |
| Series statement | SEPSetentas ; |
| Volume number/sequential designation | N° 277 |
| 600 34 - SUBJECT ADDED ENTRY--PERSONAL NAME | |
| Personal name | Serdán |
| Title of a work | La familia Serdán |
| 600 14 - SUBJECT ADDED ENTRY--PERSONAL NAME | |
| Personal name | Serdán, Aquiles, |
| Dates associated with a name | 1876-1910 |
| Fuller form of name | [Aquiles Serdán Alatriste] |
| 600 17 - SUBJECT ADDED ENTRY--PERSONAL NAME | |
| Personal name | Serdán Alatriste, Máximo, |
| Dates associated with a name | 1879-1910. |
| 600 14 - SUBJECT ADDED ENTRY--PERSONAL NAME | |
| Personal name | Serdán Alatriste, María del Carmen, |
| Dates associated with a name | 1873-1948. |
| 651 #7 - SUBJECT ADDED ENTRY--GEOGRAPHIC NAME | |
| Geographic name | México |
| General subdivision | Historia |
| Chronological subdivision | Revolución maderista, 1910-1911. |
| 651 #7 - SUBJECT ADDED ENTRY--GEOGRAPHIC NAME | |
| Source of heading or term | lemb |
| Geographic name | Puebla |
| General subdivision | Historia |
| Chronological subdivision | Revolución maderista, 1910-1911. |
| Geographic subdivision | México |
| 700 1# - ADDED ENTRY--PERSONAL NAME | |
| Personal name | Chencinsky, Jacobo, ed. |
| 700 1# - ADDED ENTRY--PERSONAL NAME | |
| Personal name | Fernández, Santiago, ed. |
| 942 ## - ADDED ENTRY ELEMENTS (KOHA) | |
| Source of classification or shelving scheme | Biblioteca del Cogreso de los Estados Unidos |
| Koha item type | Libro |
| Estado de pérdida | Fuente de clasificación | Estado del daño | No para préstamo | Ubicación permanente | Ubicación actual | Apartado o colección | Fecha de adquisición | Edición | Dependencia de educación superior (DES) | Área del conocimiento | Clasificación | Código de Barras | Date last seen | Número de copia | Costo por reposición | Tipo de recurso |
|---|---|---|---|---|---|---|---|---|---|---|---|---|---|---|---|---|
| Biblioteca del Cogreso de los Estados Unidos | Biblioteca del Instituto de Investigaciones Históricas | Biblioteca del Instituto de Investigaciones Históricas | General | 19/04/2018 | 1a ed. | Humanidades | Ciencias Sociales y Administrativas | F1234.5.S47 F56 1976 | IIH000004394 | 19/04/2018 | 1 | 1.00 | Libro | |||
| Biblioteca del Cogreso de los Estados Unidos | Biblioteca del Instituto de Investigaciones Históricas | Biblioteca del Instituto de Investigaciones Históricas | General | 19/04/2018 | 1a ed. | Humanidades | Ciencias Sociales y Administrativas | F1234.5.S47 F56 1976 | IIH000004395 | 19/04/2018 | 2 | 1.00 | Libro |